• 首页
  • 本馆介绍
  • 公告通知
  • 最新文献
  • 馆藏检索
  • 电子资源
  • 读者导购
  • 参考咨询
  • 我的图书馆
  • 登录
  • 详细信息显示
  • 放入我的书架
  • 预约/预借图书
  • 作者相关作品
  • 分类相关作品
  • 丛书相关作品
  • 出版社相关作品

书目信息

  • 表格格式
  • 工作单格式
  • 卡片格式
题名:
应用多变量统计分析
    
 
作者: 孙尚拱 编著
分册:  
出版信息: 北京   科学出版社  2011
页数: 339页
开本: 24cm
丛书名:
单 册:
中图分类: C812
科图分类:
主题词: 多变量--统计分析--应用软件--高等学校--教材 , 多变量 , 统计分析 , 应用软件
电子资源:
ISBN: 978-7-03-032175-6
000 00982nam0 2200289 450
001 519
005 20140905091153.07
010    @a978-7-03-032175-6@dCNY44.00
100    @a20110923d2011 em y0chiy50 ea
101 0  @achi
102    @aCN@b110000
105    @ay z 000yy
106    @ar
200 1  @a应用多变量统计分析@AYing Yong Duo Bian Liang Tong Ji Fen Xi@f孙尚拱编著@FSun Shang Gong Bian Zhu
210    @a北京@c科学出版社@d2011
215    @a339页@d24cm@e1光盘
300    @a普通高等教育“十二五”规划教材
307    @a附光盘:ISBN 978-7-89445-507-9
330    @a本书介绍了多变量统计分析的基本理论及其各种常用模型。全书共分11章,内容包括绪言、矩阵的某些补充知识、多元正态分布、假设检验、多元线性模型等。
606 0  @a多变量@x统计分析@x应用软件@x高等学校@j教材
606 0  @a多变量
606 0  @a统计分析
606 0  @a应用软件
690    @aC812@v5
701  0 @a孙尚拱@ASun Shang Gong@4编著
801  0 @aCN@bTANGWEI@c20140603
905    @b0838129-31@dC812@e101@f3
    
    应用多变量统计分析/孙尚拱编著.-北京:科学出版社,2011
    339页;24cm+1光盘
    普通高等教育“十二五”规划教材
    
    ISBN 978-7-03-032175-6:CNY44.00
    本书介绍了多变量统计分析的基本理论及其各种常用模型。全书共分11章,内容包括绪言、矩阵的某些补充知识、多元正态分布、假设检验、多元线性模型等。
●
相关链接 在E读中查询图书 在五车中查询图书 在当当中查询图书 在豆瓣中查询图书


正题名:应用多变量统计分析     索取号:C812/101         预约/预借

序号 登录号 条形码 馆藏地/架位号 状态 备注
1 0838129   208381295   第一样本阅览室/ [索取号:C812/101] 在馆    
2 0838130   208381302   经管系资料室/ [索取号:C812/101] 在馆    
3 0838131   208381311   第一借阅区/ [索取号:C812/101] 在馆    
唐山师范学院图书馆 欢迎您!
大连网信软件有限公司© 版权所有